The art and making of Luck / (Record no. 30586)

MARC details
000 -LEADER
fixed length control field 00990cam a22003135i 4500
001 - CONTROL NUMBER
control field 23062840
003 - CONTROL NUMBER IDENTIFIER
control field EG-ScBUE
005 - DATE AND TIME OF LATEST TRANSACTION
control field 20230926103047.0
008 - FIXED-LENGTH DATA ELEMENTS--GENERAL INFORMATION
fixed length control field 230412s2022 enka f 000 0 eng d
020 ## - INTERNATIONAL STANDARD BOOK NUMBER
International Standard Book Number 9781789099027
040 ## - CATALOGING SOURCE
Original cataloging agency DLC
Language of cataloging eng
Description conventions rda
Transcribing agency DLC
Modifying agency EG-ScBUE
082 04 - DEWEY DECIMAL CLASSIFICATION NUMBER
Edition number 22
Classification number 777.7
Item number HUE
100 1# - MAIN ENTRY--PERSONAL NAME
Personal name Hueso, Noela,
Relator term author.
245 14 - TITLE STATEMENT
Title The art and making of Luck /
Statement of responsibility, etc written by Noela Hueso.
250 ## - EDITION STATEMENT
Edition statement First edition.
264 #1 - PUBLICATION, DISTRIBUTION, ETC. (IMPRINT)
Place of publication, distribution, etc London :
Name of publisher, distributor, etc Titan Books,
Date of publication, distribution, etc 2022.
300 ## - PHYSICAL DESCRIPTION
Extent 176 pages :
Other physical details illustrations ;
Dimensions 28 cm
336 ## - CONTENT TYPE
Content type term text
Source rdacontent
Content type code txt
336 ## - CONTENT TYPE
Content type term still image
Source rdacontent
Content type code txt
337 ## - MEDIA TYPE
Media type term unmediated
Source rdamedia
Media type code n
338 ## - CARRIER TYPE
Carrier type term volume
Source rdacarrier
Carrier type code nc
630 07 - SUBJECT ADDED ENTRY--UNIFORM TITLE
Uniform title Luck (Motion picture)
Source of heading or term BUEsh
650 #7 - SUBJECT ADDED ENTRY--TOPICAL TERM
Topical term or geographic name as entry element Computer animation.
Source of heading or term BUEsh
653 ## - INDEX TERM--UNCONTROLLED
Arrived date list September2023
Resource For college Arts and Design
Specialization Illustration Animation
655 ## - INDEX TERM--GENRE/FORM
Form subdivision Reading book
906 ## - LOCAL DATA ELEMENT F, LDF (RLIN)
a 0
b ibc
c origres
d 2
e ncip
f 20
g y-gencatlg
942 ## - ADDED ENTRY ELEMENTS (KOHA)
Source of classification or shelving scheme Dewey Decimal Classification
Koha item type Book - Borrowing
Holdings
Withdrawn status Lost status Source of classification or shelving scheme Damaged status Not for loan Collection code Home library Current library Shelving location Date acquired Source of acquisition Cost, normal purchase price Serial Enumeration / chronology Total Checkouts Total Renewals Full call number Barcode Date last seen Date checked out Cost, replacement price Price effective from Koha item type
    Dewey Decimal Classification     Baccah Central Library Central Library Second Floor 26/09/2023 Purchase 1069.00 37687 1 51 777.7 HUE 000056919 15/07/2025 23/11/2023 1336.25 26/09/2023 Book - Borrowing